| 000 | 00835nam a22002177a 4500 | ||
|---|---|---|---|
| 003 | BD-DhUL | ||
| 005 | 20210929103929.0 | ||
| 008 | 210920s2016 bg ab||| |||| 00| 0 ben | ||
| 020 | _a9847012402351 (hbk) | ||
| 040 |
_aBD-DhUL _cBD-DhUL |
||
| 082 |
_a954.92 _bMOB |
||
| 100 | 1 | _aমোমেন, আবুল | |
| 245 | 0 | 0 |
_aবাংলা ও বাঙালির কথা / _cআবুল মোমেন । |
| 250 | _a৭ম পরিমার্জিত সংস্ক. | ||
| 260 |
_aঢাকা : _bসাহিত্য প্রকাশ, _c২০১৬ । |
||
| 300 |
_a১২৭ পৃ. : _bচিত্র, মানচিত্র ; _c২৮ সেমি. |
||
| 365 |
_aBDT _b450.00 |
||
| 651 | 4 |
_aবাংলাদেশ _xইতিহাস । |
|
| 651 | 4 |
_aBangladesh _xHistory. |
|
| 942 |
_2ddc _cBK |
||
| 999 |
_c254490 _d254490 |
||